| 000 | 00577nam a22001577a 4500 | ||
|---|---|---|---|
| 003 | OSt | ||
| 005 | 20151007164037.0 | ||
| 008 | 151007b xxu||||| |||| 00| 0 eng d | ||
| 040 | _cRUA | ||
| 082 | _aAVM NOR 2008 B081 Or.1 | ||
| 100 |
_92319 _aNOR, SENGHEAV. |
||
| 245 | _aCattle raing for druagt power at chhlong district kratie province, ការចិញ្ចឹមគោជាកំលាំងអូសទាញនៅស្រុកឆ្លូងខេត្តក្រចេះ | ||
| 260 |
_aPhnom Penh _bRUA _c2008 |
||
| 300 |
_a47p. _bill. _c29cm. |
||
| 942 |
_2ddc _cATMSP |
||
| 999 |
_c2185 _d2185 |
||